000
00220nam a2200097Ia 4500
008
240331s9999 xx 000 0 und d
082
_b
KUA
100
_a
Rajanarayanan, K
245
0
_a
Ku.Alagirisamy kadithangal
942
_c
L
999
_c
4260
_d
4260